| 000 | 00836nam0a22002171 4500 | ||
|---|---|---|---|
| 001 | rc\291994 | ||
| 005 | 20250621022447.0 | ||
| 035 | _a(NLR Aleph) 005523153 | ||
| 090 |
_a5529810 _c5529810 |
||
| 100 | _a20030307d1990 |||y0rusy50 ca | ||
| 101 | 0 | _arus | |
| 102 | _aRU | ||
| 105 | _ay ||||||||| | ||
| 200 | 1 |
_aУ.Д. Буйнакский _e[К 100-летию со дня рождения революционера] _eБиобиблиогр. указ. _fДаг. фил. АН СССР. Ин-т истории, яз. и лит. им. Г. Цадасы _gСост. Л.Н. Седова _g[Под ред. В.Г. Иванцова] |
|
| 210 |
_aМахачкала _cДаг. фил. АН СССР _d1990 |
||
| 215 |
_a28 с. _d20 |
||
| 801 | 0 |
_aRU _bNLR _gpsbo |
|
| 801 | 1 |
_aRU _bELAR _2rusmarc |
|
| 852 |
_aNLR _bС _jК-2/5276 |
||
| 942 | _cBOOK | ||
| 980 | _aNB | ||